000 01642nam0a2200373 4500
001 RU\NLR\bibl\1432788
005 20250615222126.0
010 _a5-89838-375-1
_9140
021 _aRU
_b2009-68655
_94249
035 _a(nilc)RSL-KNO-004377045
035 _a(NLR Aleph) 001424692
090 _a1364697
_c1364697
100 _a20090820d2008 |||y0rusy50 ca
101 0 _arus
102 _aRU
105 _aa zzzz|||||
200 1 _aТехнические средства автоматизации машиностроительных производств
_eучебное пособие
_fО. Н. Федонин, С. Ю. Съянов
_gФедеральное агентство по образованию, Брянский гос. технический ун-т
210 _aБрянск
_cИзд-во БГТУ
_d2008
215 _a215 с.
_cил., табл.
_d20
320 _aБиблиогр.: с. 207 (10 назв.)
320 _aПредм. указ.: с. 208-211
606 1 _aМашиностроение
_jУчебные издания для высших учебных заведений
_xАвтоматизация
_xАппараты и приборы
_9955540
_3RU\NLR\auth\66356043
686 _aК630.2-5я73-1
_2rubbk
686 _aК680.2-5я73-1
_2rubbk
686 _aК5-5-05я73-1
700 1 _aФедонин
_bО. Н.
_gОлег Николаевич
_4070
701 1 _aСьянов
_bС. Ю.
_gСергей Юрьевич
_4070
801 0 _aRU
_bРКП
_c20090820
_grcr
801 1 _aRU
_bРГБ
_c20090820
801 2 _aRU
_bNLR
_c20091102
_grcr
942 _cBOOK
980 _aNB
980 _aNBR